An introduction to the study of insects (Registro nro. 5835)

Detalles MARC
000 -CABECERA
Campo de control 00611nam a2200229 a 4500
005 - FECHA Y HORA DE LA ULTIMA TRANSACCION
Campo de control 20200601130816.0
008 - ELEMENTOS DE LONGITUD FIJA—INFORMACION GENERAL
Campo de control 200601b ||||| |||| 00| 0 spa d
020 ## - ISBN
ISBN 0030253977
040 ## - FUENTE DE CATALOGACIÓN
Agencia catalogadora original CO-BoIAVH
Agencia transcriptora CO-BoIAVH
041 ## - IDIOMA
Código de idioma para texto/pista de sonido o título separado Inglés
082 ## - NUMERO DE CLASIFICACION DECIMAL DEWEY
Número de clasificación 595.7
090 ## - CLASIFICACIÓN LOCAL
Colección LB
Consecutivo 05066
100 ## - ASIENTO PRINCIPAL--NOMBRE PERSONAL
Nombre personal Borror, Donald J.
245 ## - MENCION DE TITULO
Título An introduction to the study of insects
250 ## - MENCION DE EDICION
Mención de edición 6ed.
260 ## - PUBLICACION, DISTRIBUCION, ETC. (PIE DE IMPRENTA)
Lugar de publicación, distribución, etc. New York
Nombre del editor, distribuidor, etc. Saunders College Publishing
Fecha de publicación, distribución, etc. 1964
300 ## - DESCRIPCION FISICA
Extensión 875 p.
650 ## - ASIENTO SECUNDARIO DE MATERIA - TERMINO TEMATICO
Término temático o nombre geográfico como elemento de entrada Insectos
Subdivisión geográfica Estados Unidos
650 #0 - ASIENTO SECUNDARIO DE MATERIA - TERMINO TEMATICO
Término temático o nombre geográfico como elemento de entrada Entomología
942 ## - ELEMENTOS ADICIONALES (KOHA)
Tipo de ítem Libro
Koha issues (borrowed), all copies 3
Sistema de clasificación Dewey Decimal Classification
945 ## - PROCESAMIENTO LOCAL
AAAA-MM-DD - Fecha de ingreso o modificacion 2007-09-26
Existencias
Withdrawn status Lost status Damaged status No para préstamo Colección Inventariado Ubicación Permanente Ubicación actual Fecha de adquisición Fuente de Valor Total Checkouts Número topográfico Inventario / Código de Barras Date last seen Date checked out Ejemplar Price effective from Forma de adquisición Tipo de material Sistema de Clasificación
        Entomología Inventariado 2017 Villa de Leyva Villa de Leyva 26/09/2007 Amazon 5 LB-05066 025308 23/10/2017 16/09/2015 Ej.1 04/12/2012   Libro  
        General   Villa de Leyva Villa de Leyva 26/09/2007 OSpina, Mónica   LB-05066 025309 04/12/2012   Ej.2 04/12/2012   Libro Dewey Decimal Classification